المنقذ من الضلال / (رقم التسجيلة. 85580)

تفاصيل مارك
000 -الفاتح
عناصر البيانات ثابتة الطول 00611cam a2200181 i 4500
005 - تاريخ ووقت آخر معاملة
حقل ضبط 20251230103900.0
008 - عناصر البيانات ثابتة الطول
عناصر البيانات ثابتة الطول 250721s1991 ua gr 000 0 ara d
082 14 - رقم تصنيف ديوي العشري
رقم التصنيف 219
رقم المادة غ ز ا
100 1# - مدخل رئيسي – اسم شخصي
الاسم الشخصي الغزالي، أبوحامد محمد
علاقة الشخص بالعمل/ دوره مؤلف.
245 12 - بيان العنوان
العنوان المنقذ من الضلال /
بيان المسؤولية لأبي حامد الغزالي.
264 31 - بيانات النشر، التوزيع…إلخ
مكان النشر، التوزيع...إلخ القاهرة :
اسم الناشر، الموزع...إلخ مركز الكتاب،
تاريخ النشر، التوزيع...إلخ 1991.
300 ## - الوصف المادي
عدد الوحدات المكونة للوعاء 62 صفحة.
650 17 - مدخل إضافي بالموضوع - مصطلح موضوعي
مصطلح موضوعي أو اسم جغرافي كعنصر مدخل التصوف الإسلامي.
650 17 - مدخل إضافي بالموضوع - مصطلح موضوعي
مصطلح موضوعي أو اسم جغرافي كعنصر مدخل علم الكلام.
650 17 - مدخل إضافي بالموضوع - مصطلح موضوعي
مصطلح موضوعي أو اسم جغرافي كعنصر مدخل الفرق الإسلامية.
942 ## - بيانات إضافية (كوها)
نوع التنصيف Dewey Decimal Classification
نوع المادة (كوها) كتب
المقتنيات
حالة السحب حالة الفقدان مصدر التصنيف حالة التلف غير قابل للإعارة المكتبة الرئيسية المكتبة الحالية موقع الرف تاريخ التزويد الرقم المتسلسل Total Checkouts رقم الإستدعاء الباركود تاريخ آخر ظهور تاريخ الفاتورة نوع المادة (كوها)
    Dewey Decimal Classification     المكتبة المركزية المكتبة المركزية الإعارة 28/07/2025 1453818   219 / غ ز ا PLD00173053 28/07/2025 28/07/2025 كتب
Implemented & Customized by: BBB with SCIT (Smart Chains for Information Technology)

Powered by Koha